000 00463nam a2200193Ia 4500
005 20240823040056.0
008 240823s9999||||xx |||||||||||||| ||und||
020 _a978-93-80792-63-7
041 _aENGLISH
082 _A509.954 Q1
100 _aPrintworld Books
245 0 _aIssac Newton The Great Scientist
250 _a1st
260 _c2011
_bPrintworld
500 _aDISPLAY
650 _agreat Scientist
_bGeneral
942 _cBK
999 _c202219
_d202219